Central Library OPAC University of Rajshahi

Discussion, conference, and group process / (Record no. 49958)

MARC details
000 -LEADER
fixed length control field 00750nam a2200265 a 4500
001 - CONTROL NUMBER
control field 49958
003 - CONTROL NUMBER IDENTIFIER
rucl marc code BD-RjUL
005 - DATE AND TIME OF LATEST TRANSACTION
control field 20211209075434.0
008 - FIXED-LENGTH DATA ELEMENTS--GENERAL INFORMATION
fixed length control field 160823r19681960enka b 001 0 eng
035 ## - SYSTEM CONTROL NUMBER
System control number (BD-RjUL)
040 ## - CATALOGING SOURCE
Original cataloging agency DLC
Transcribing agency DLC
Modifying agency DLC
-- BD-RjUL
Language of cataloging eng
041 ## - LANGUAGE CODE
Language code of text/sound track or separate title eng
082 00 - DEWEY DECIMAL CLASSIFICATION NUMBER
Classification number 374.22
Edition number 23
Author mark and year GUD 1972
100 10 - MAIN ENTRY--PERSONAL NAME
Personal name Gulley, Halbert E.
9 (RLIN) 149723
245 10 - TITLE STATEMENT
Title Discussion, conference, and group process /
Statement of responsibility, etc. Halbert E. Gulley.
250 ## - EDITION STATEMENT
Edition statement 2d ed.
260 ## - PUBLICATION, DISTRIBUTION, ETC. (IMPRINT)
Place of publication, distribution, etc. LOndon :
Name of publisher, distributor, etc. Amerind publishing co. put.,
Date of publication, distribution, etc. c1972
300 ## - PHYSICAL DESCRIPTION
Pagination x, 374 p. :
Illustrations ill.
Size 24 cm.
500 ## - GENERAL NOTE
General note Includes index
504 ## - BIBLIOGRAPHY, ETC. NOTE
Bibliography, etc
650 #0 - SUBJECT ADDED ENTRY--TOPICAL TERM
Topical term or geographic name as entry element Interpersonal communication.
9 (RLIN) 149724
Topical term or geographic name as entry element Small groups.
9 (RLIN) 149725
942 ## - ADDED ENTRY ELEMENTS (KOHA)
Source of classification or shelving scheme Dewey Decimal Classification
Koha item type Books
Holdings
Lost status Source of classification or shelving scheme Damaged status Not for loan Collection code Permanent Location Current Location Shelving location Date acquired Source of acquisition Total Checkouts Full call number Date last seen Copy number Koha item type
  Dewey Decimal Classification     Fiction Central Library, University of Rajshahi Central Library, University of Rajshahi   06/07/1976 U.S.I.S. dacca   374.22 GUD 1972 23/08/2016 C-2 Books
  Dewey Decimal Classification     Non-fiction Central Library, University of Rajshahi Central Library, University of Rajshahi   06/07/1976 U.S.I.S. dacca   374.22 GUD 1972 24/08/2016 C-3 Books